| 000 | 00444nam a2200205Ia 4500 | ||
|---|---|---|---|
| 001 | 14246 | ||
| 003 | GE_BSU | ||
| 008 | 181216s||||||||xx |||||||||||||| ||und|| | ||
| 020 | _a000647974X | ||
| 040 | _cGE_BSU | ||
| 080 | _a821.111-311.6 | ||
| 100 | _aClancy,Tom | ||
| 245 | _aDebt of Honor | ||
| 260 | _aLondon | ||
| 260 | _bHarper Collins Publishers | ||
| 260 | _c1994 | ||
| 300 | _a900p.18cm. | ||
| 653 | _aDebt of Honor | ||
| 942 | _cBK | ||
| 999 |
_c47384 _d47384 |
||